000 00975nam a2200241 a 4500
001 000021888
005 20200930011505.0
008 100914s1974 dr ac 000 0bspa d
040 _aDO-SdBNP
_bspa
_cBNPHU
082 _a920.07293
_bF825p
100 1 _aFranco, José Ulises
_938222
245 1 0 _aPerfiles y cosas dominicanas :
_b(obra amena e instructiva) /
_cJosé Ulises Franco.
260 _aSantiago de los Caballeros, República Dominicana :
_b[s.n.],
_c1974.
300 _av. :
_bil., retr. ;
_c24 cm.
500 _aLa biblioteca posee el volumen 1
590 _aInventariado, 2020/VM
651 4 _aRepública Dominicana
_vBIOGRAFÍAS
_91083
650 4 _aMonumentos históricos
_zRepública Dominicana
_926163
650 4 _aMonumentos religiosos
_zRepública Dominicana
_945438
651 4 _aRepública Dominicana
_xAnécdotas, Chistes, Sátiras, Etc.
_922185
651 4 _aRepública Dominicana
_xVida Social Y Costumbres
_9405
650 4 _aLeyendas dominicanas
_918869
999 _c21386
_d21386